Vysoká diplomacia alebo niečo iné?

Historicky prvé stretnutie prezidenza USA Donalda Trumpa a sverokórejského vodcu Kim Čong-una ako mediálno-politická téma číslo jeden. Ústretovosť, ale aj politické divadlo. Výmena názorov na otázky spojené s vytváraním nových vzťahov medzi USA a KĽDR. Úsilie úplne denuklearizovať Kórejský polostrov...

ver descrição completa

Na minha lista:
Detalhes bibliográficos
Autor principal: Škvrnda, František
Formato: Capítulo de Livro
Idioma:eslovaco
Assuntos:
Tags: Adicionar Tag
Sem tags, seja o primeiro a adicionar uma tag!

MARC

LEADER 00000naa a2200000 4500
001 0248383
005 20240502073956.0
041 0 |a slo 
044 |a SK 
245 1 0 |a Vysoká diplomacia alebo niečo iné?  |c František Škvrnda 
520 |a Historicky prvé stretnutie prezidenza USA Donalda Trumpa a sverokórejského vodcu Kim Čong-una ako mediálno-politická téma číslo jeden. Ústretovosť, ale aj politické divadlo. Výmena názorov na otázky spojené s vytváraním nových vzťahov medzi USA a KĽDR. Úsilie úplne denuklearizovať Kórejský polostrov. 
610 2 0 |a summity 
610 2 0 |a prezidenti 
610 2 0 |a vzťahy medzinárodné 
610 2 0 |a politika medzinárodná 
610 2 0 |a USA 
610 2 0 |a Severná Kórea 
100 1 |a Škvrnda, František